Library Banner

Karwan e shuhda Kabul say Kashmir tak/ (Record no. 102215)

MARC details
000 -LEADER
fixed length control field 00421nam a22001457a 4500
005 - DATE AND TIME OF LATEST TRANSACTION
control field 20180125134246.0
008 - FIXED-LENGTH DATA ELEMENTS--GENERAL INFORMATION
fixed length control field 180125b xxu||||| |||| 00| 0 eng d
040 ## - CATALOGING SOURCE
Transcribing agency PK-LaUMT
082 ## - DEWEY DECIMAL CLASSIFICATION NUMBER
Classification number PKAC 297.72092
Item number ABA-K
100 ## - MAIN ENTRY--PERSONAL NAME
Personal name Abass Akhtar Awan
245 ## - TITLE STATEMENT
Title Karwan e shuhda Kabul say Kashmir tak/
Statement of responsibility, etc Abass Akhtar Awan
260 ## - PUBLICATION, DISTRIBUTION, ETC. (IMPRINT)
Place of publication, distribution, etc لاہور:
Name of publisher, distributor, etc ادارہ مطبوعات طلبہ،
Date of publication, distribution, etc 1994
300 ## - PHYSICAL DESCRIPTION
Extent 448
942 ## - ADDED ENTRY ELEMENTS (KOHA)
Koha item type Books
Holdings
Withdrawn status Lost status Damaged status Home library Current library Date acquired Full call number Barcode Date last seen Price effective from Koha item type
      UMT Main Campus UMT Main Campus 2018-01-25 PKAC 297.72092 ABA-K 118148 2018-01-25 2018-01-25 Books